[Event "CFO-chT"]
[Site "Kaluga"]
[Date "2012.11.03"]
[Round "4.1"]
[White "Aniskov, Artiom"]
[Black "Zhelnin, Vladimir V"]
[Result "1/2-1/2"]
[WhiteElo "2100"]
[BlackElo "2449"]
[PlyCount "109"]
[EventDate "2012.10.31"]
[EventType "swiss"]
[EventRounds "9"]
[EventCountry "RUS"]
[SourceTitle "EXT 2014"]
[Source "ChessBase"]
[SourceDate "2013.11.20"]
[SourceVersion "1"]
[SourceVersionDate "2013.11.20"]
[SourceQuality "1"]

1. e4 c5 2. Nf3 d6 3. d4 cxd4 4. Nxd4 Nf6 5. Nc3 a6 6. Be3 Ng4 7. Bg5 h6 8. Bh4 g5 9. Bg3 Bg7 10. Be2 Ne5 11. 0-0 Nbc6 12. Nf5 Bxf5 13. exf5 Nd4 14. Bd3 Nxd3 15. Qxd3 Qa5 16. Rfe1 0-0 17. Rxe7 Nxf5 18. Rxb7 Rab8 19. b4 Qa3 20. Rxb8 Rxb8 21. Qxf5 Qxc3 22. Rd1 Rxb4 23. h4 gxh4 24. Bxd6 Rb5 25. Qe4 Rg5 26. Be7 Rg6 27. Bxh4 Qc6 28. Rd8+ Kh7 29. Qxc6 Rxc6 30. Ra8 Rc4 31. Be7 Ra4 32. a3 Bb2 33. Kf1 Kg6 34. Rb8 Bxa3 35. Rb6+ Kg7 36. Bxa3 Rxa3 37. Ke2 h5 38. g3 f6 39. Rb7+ Kg6 40. Rc7 a5 41. c3 Ra2+ 42. Ke3 a4 43. Ra7 Kf5 44. f3 a3 45. Ra5+ Kg6 46. Kf4 Ra1 47. c4 a2 48. c5 Kf7 49. c6 Ke7 50. c7 Kd7 51. Rc5 Kc8 52. Rc2 f5 53. Kxf5 Rf1 54. Rxa2 Rxf3+ 55. Kg5 1/2-1/2

[Event "CFO-chT"]
[Site "Kaluga"]
[Date "2012.11.02"]
[Round "3.1"]
[White "Korensky, Sergey"]
[Black "Aniskov, Artiom"]
[Result "0-1"]
[WhiteElo "2274"]
[BlackElo "2100"]
[PlyCount "92"]
[EventDate "2012.10.31"]
[EventType "swiss"]
[EventRounds "9"]
[EventCountry "RUS"]
[SourceTitle "EXT 2014"]
[Source "ChessBase"]
[SourceDate "2013.11.20"]
[SourceVersion "1"]
[SourceVersionDate "2013.11.20"]
[SourceQuality "1"]

1. e4 c5 2. Nf3 e6 3. d4 cxd4 4. Nxd4 a6 5. Nc3 Qc7 6. Bd3 b5 7. 0-0 Bb7 8. a3 Nf6 9. Nb3 d6 10. Qe2 Be7 11. f4 Nbd7 12. Bd2 0-0 13. Nd1 Nc5 14. Nxc5 Qxc5+ 15. Nf2 Qc6 16. Rae1 Rfe8 17. Ng4 Nxg4 18. Qxg4 e5 19. f5 f6 20. Rf3 d5 21. Rg3 Bc5+ 22. Kf1 Re7 23. exd5 Qxd5 24. c4 Qd7 25. cxb5 axb5 26. Bb4 Rc8 27. Rd1 Qe8 28. Bxc5 Rxc5 29. b4 Rc3 30. Qe2 Rd7 31. Qd2 Qc8 32. Ke1 Kf8 33. Qe2 Rc1 34. Qh5 Rxd1+ 35. Kxd1 e4 36. Qxh7 Rxd3+ 37. Rxd3 exd3 38. Qh8+ Kf7 39. Qxc8 Bxc8 40. g4 Bb7 41. Kd2 Bf3 42. Kxd3 Bxg4 43. Ke4 Bh3 44. Kf4 Ke7 45. Ke4 Kd6 46. Kf4 Kd5 0-1

[Event "CFO-chT"]
[Site "Kaluga"]
[Date "2012.10.31"]
[Round "1.1"]
[White "Meshkov, Yuri A"]
[Black "Aniskov, Artiom"]
[Result "1-0"]
[WhiteElo "2374"]
[BlackElo "2100"]
[PlyCount "77"]
[EventDate "2012.10.31"]
[EventType "swiss"]
[EventRounds "9"]
[EventCountry "RUS"]
[SourceTitle "EXT 2014"]
[Source "ChessBase"]
[SourceDate "2013.11.20"]
[SourceVersion "1"]
[SourceVersionDate "2013.11.20"]
[SourceQuality "1"]

1. e4 c5 2. Nf3 e6 3. b3 d6 4. Bb5+ Nd7 5. 0-0 Ngf6 6. Re1 Be7 7. a4 0-0 8. a5 a6 9. Bf1 Ng4 10. Bb2 Bf6 11. d4 cxd4 12. Bxd4 Nge5 13. Nbd2 Nxf3+ 14. Nxf3 e5 15. Be3 Be7 16. c4 Nf6 17. Bb6 Qe8 18. Nd2 Be6 19. Nb1 Rc8 20. Nc3 Nd7 21. Be3 f5 22. exf5 Rxf5 23. Bd3 Rf8 24. Be4 Rb8 25. Nd5 Bd8 26. b4 Nf6 27. Nxf6+ Bxf6 28. Qd3 g6 29. Rac1 Be7 30. Ba7 Ra8 31. Bb6 Bg5 32. Rc2 Qf7 33. Qxd6 Rac8 34. Bxb7 Rxc4 35. Rce2 Bf4 36. Bc5 e4 37. Qxf8+ Qxf8 38. Bxf8 Kxf8 39. Rxe4 1-0

[Event "RUS Central Region-ch U16"]
[Site "Tula"]
[Date "2004.11.04"]
[Round "3"]
[White "Gorin, Alexandr"]
[Black "Aniskov, Artiom"]
[Result "1/2-1/2"]
[WhiteElo "2180"]
[BlackElo "2147"]
[PlyCount "69"]
[EventDate "2004.11.02"]
[EventType "swiss"]
[EventRounds "9"]
[EventCountry "RUS"]
[SourceTitle "EXT 2006"]
[Source "ChessBase"]
[SourceDate "2005.11.24"]
[SourceVersion "1"]
[SourceVersionDate "2005.11.24"]
[SourceQuality "1"]

1. Nf3 d5 2. c4 e6 3. b3 c5 4. e3 Nc6 5. d4 cxd4 6. exd4 Nf6 7. Be2 Be7 8. 0-0 0-0 9. Be3 b6 10. Ne5 Bb7 11. Nd2 Ne4 12. Nxe4 dxe4 13. Nxc6 Bxc6 14. f3 Bd6 15. fxe4 Bxe4 16. g3 Rc8 17. Bf3 Bg6 18. Qe2 e5 19. Rad1 Qc7 20. Bd5 Kh8 21. Qd2 Rfe8 22. dxe5 Bxe5 23. Bd4 Re7 24. Bxe5 Rxe5 25. Rde1 Rce8 26. Kg2 h6 27. Rxe5 Rxe5 28. Qf4 Re2+ 29. Rf2 Rxf2+ 30. Kxf2 Qe7 31. Qd4 Qg5 32. Qf4 Qe7 33. Qd4 Qd6 34. Ke3 Qe7+ 35. Kf2 1/2-1/2